[Event "San Sebastian Gros op 25th"]
[Site "San Sebastian"]
[Date "2015.07.01"]
[Round "7"]
[White "Grynszpan, Mariano"]
[Black "Ochoa de Eribe Martinez, Daniel"]
[Result "1-0"]
[WhiteElo "2390"]
[BlackElo "1978"]
[PlyCount "85"]
[EventDate "2015.06.26"]
[EventType "swiss"]
[EventRounds "9"]
[EventCountry "ESP"]
[SourceTitle "CBM 167 Extra"]
[Source "ChessBase"]
[SourceDate "2015.09.14"]
[SourceVersion "1"]
[SourceVersionDate "2015.09.14"]
[SourceQuality "1"]

1. d4 d5 2. Nf3 Nf6 3. c4 c6 4. cxd5 cxd5 5. Nc3 Nc6 6. Bf4 e6 7. e3 Be7 8. Ne5 0-0 9. Bd3 Bd7 10. 0-0 a6 11. Rc1 Na5 12. Nxd7 Qxd7 13. Na4 Rac8 14. Nb6 Rxc1 15. Qxc1 Qc6 16. Qxc6 Nxc6 17. Rc1 Nb4 18. Bb1 Nc6 19. a3 Bd8 20. Na4 Be7 21. Bd3 Na5 22. Nb6 Bd8 23. Bc7 Nb3 24. Rc3 Bxc7 25. Rxc7 Rb8 26. Rc3 Na5 27. b4 Nc6 28. Bxa6 Ne4 29. Rc1 Nxd4 30. exd4 bxa6 31. Rc6 h6 32. f3 Nd2 33. Nd7 Ra8 34. Nc5 Nb1 35. a4 Nc3 36. Kf2 Kf8 37. a5 Na2 38. Rxa6 Rxa6 39. Nxa6 Nc3 40. Nc7 Ke7 41. a6 Na4 42. a7 Nb6 43. a8Q 1-0

[Event "Euskadi-chT (Vasca) Div 1st"]
[Site "Bergara"]
[Date "2014.02.15"]
[Round "6.1"]
[White "Fernandez de Pinedo Orive, Jose Angel"]
[Black "Ochoa de Eribe Martinez, Daniel"]
[Result "1/2-1/2"]
[WhiteElo "1929"]
[BlackElo "1991"]
[PlyCount "92"]
[EventDate "2014.01.11"]
[EventType "team-tourn"]
[EventRounds "9"]
[EventCountry "ESP"]
[SourceTitle "EXT 2024"]
[Source "ChessBase"]
[SourceDate "2023.10.10"]
[SourceVersion "1"]
[SourceVersionDate "2023.10.10"]
[SourceQuality "1"]

1. e4 c5 2. Nf3 Nc6 3. d4 cxd4 4. Nxd4 Nf6 5. Nc3 e5 6. Ndb5 d6 7. Bg5 a6 8. Na3 b5 9. Bxf6 gxf6 10. Nd5 f5 11. Bd3 Qg5 12. g3 Ra7 13. c3 Ne7 14. Bxb5+ axb5 15. Nxb5 Rd7 16. Nb6 Qf6 17. Qa4 d5 18. Nxd7 Bxd7 19. Qa8+ Nc8 20. Nc7+ Kd8 21. Nxd5 Qc6 22. Qa5+ Ke8 23. 0-0 fxe4 24. Rad1 f6 25. Rfe1 Bg4 26. Nc7+ Kf7 27. Qd5+ Qxd5 28. Rxd5 Bd6 29. Nb5 Ke6 30. Rd2 Bf3 31. b3 Bb8 32. a4 Nd6 33. Nxd6 Bxd6 34. a5 Rc8 35. Ra2 Rxc3 36. a6 e3 37. fxe3 Rxb3 38. Kf2 Ba8 39. Rc1 Kd7 40. a7 Rb7 41. Ra6 Rb2+ 42. Kf1 Rxh2 43. Rc3 Rh1+ 44. Kf2 Rh2+ 45. Kf1 Rh1+ 46. Kf2 Rh2+ 1/2-1/2

[Event "Euskadi-chTB"]
[Site "Bergara"]
[Date "2013.02.09"]
[Round "5.8"]
[White "Ochoa de Eribe Martinez, Daniel"]
[Black "Hernandez Lopez, Daniel"]
[Result "1-0"]
[WhiteElo "1860"]
[BlackElo "1967"]
[PlyCount "75"]
[EventDate "2013.01.12"]
[EventType "team-tourn"]
[EventRounds "9"]
[EventCountry "ESP"]
[SourceTitle "EXT 2014"]
[Source "ChessBase"]
[SourceDate "2013.11.20"]
[SourceVersion "1"]
[SourceVersionDate "2013.11.20"]
[SourceQuality "1"]

1. e4 c5 2. Nc3 Nc6 3. g3 g6 4. Bg2 Bg7 5. d3 e6 6. f4 d6 7. Nf3 Nge7 8. 0-0 0-0 9. Be3 Nd4 10. e5 Nef5 11. Bf2 Nxf3+ 12. Qxf3 Nd4 13. Qd1 dxe5 14. fxe5 Bxe5 15. Ne4 f5 16. Nxc5 Qc7 17. b4 Rb8 18. c3 Nb5 19. d4 Bf6 20. Qb3 Kh8 21. a4 Nd6 22. Rae1 b5 23. axb5 Nxb5 24. g4 f4 25. Qc2 a5 26. bxa5 Qxa5 27. Nxe6 Re8 28. g5 Bxe6 29. gxf6 Nxc3 30. Ra1 Qb4 31. Rfc1 Rbc8 32. Qd2 Bg4 33. Kh1 f3 34. Bf1 Qb3 35. Rxc3 Rxc3 36. f7 Rf8 37. d5 h5 38. Qh6# 1-0

[Event "Euskadi-chT (Vasca) Div 1st"]
[Site "Bergara"]
[Date "2011.03.05"]
[Round "9.4"]
[White "Ochoa de Eribe Martinez, Daniel"]
[Black "Diaz Herrero, Alvaro"]
[Result "1/2-1/2"]
[WhiteElo "1769"]
[BlackElo "2158"]
[PlyCount "165"]
[EventDate "2011.01.08"]
[EventType "team-tourn"]
[EventRounds "9"]
[EventCountry "ESP"]
[SourceTitle "EXT 2024"]
[Source "ChessBase"]
[SourceDate "2023.10.10"]
[SourceVersion "1"]
[SourceVersionDate "2023.10.10"]
[SourceQuality "1"]

1. e4 c5 2. Nc3 Nc6 3. g3 g6 4. Bg2 Bg7 5. d3 d6 6. f4 e6 7. Nf3 Nge7 8. 0-0 0-0 9. Be3 Nd4 10. e5 Nef5 11. Bf2 Nxf3+ 12. Qxf3 Nd4 13. Qd1 dxe5 14. fxe5 Bxe5 15. Ne4 f5 16. Nxc5 f4 17. gxf4 Bxf4 18. c3 Nf5 19. Qe2 Qd6 20. h3 Rb8 21. Ne4 Qc7 22. Bxa7 Bh2+ 23. Kh1 b6 24. Bxb8 Qxb8 25. Bf3 Bf4 26. Qe1 Bb7 27. Rg1 Rf7 28. Bg4 Kg7 29. Rd1 Ng3+ 30. Rxg3 Bxg3 31. Qe2 Rf2 32. Qe3 Qe5 33. Rd2 Bxe4+ 34. dxe4 Rxd2 35. Qxd2 Qxe4+ 36. Kg1 Bf4 37. Qd7+ Kh6 38. Qxe6 Qb1+ 39. Kf2 Qxb2+ 40. Kf3 Bg5 41. Qc8 Qa3 42. Qc4 Qf8+ 43. Ke2 Qd6 44. Qd4 Qh2+ 45. Qf2 Qe5+ 46. Kd3 Bf6 47. Qd2+ Kg7 48. Kc2 b5 49. Qd7+ Kh6 50. Qd2+ Bg5 51. Qf2 Qe4+ 52. Kb2 Bf4 53. Qd4 Qg2+ 54. Kb3 Bc1 55. Kb4 Qb2+ 56. Kc5 Bd2 57. Be6 Qa3+ 58. Kxb5 Bxc3 59. Qh4+ Kg7 60. Qa4 Qe7 61. Qc4 Qb7+ 62. Ka4 Bf6 63. Qd5 Qa7+ 64. Kb5 Qa3 65. Qd7+ Kh6 66. Qd2+ Bg5 67. Qb4 Qa8 68. Qc5 Qb7+ 69. Qb6 Qe4 70. Ka6 Be3 71. Qd6 Qa4+ 72. Kb7 Qa7+ 73. Kc6 Qa6+ 74. Kd7 Qb5+ 75. Qc6 Qb8 76. Qc7 Qf8 77. Qd6 Qf6 78. Kc6 Bf4 79. Qd5 Qc3+ 80. Qc4 Qe5 81. Qd5 Qc7+ 82. Kb5 Be3 83. Qc6 1/2-1/2

[Event "Euskadi-chT (Vasca) Div 1st"]
[Site "Bergara"]
[Date "2011.02.26"]
[Round "8.4"]
[White "Gonzalez Blanco, Aitor"]
[Black "Ochoa de Eribe Martinez, Daniel"]
[Result "1-0"]
[WhiteElo "2019"]
[BlackElo "1769"]
[PlyCount "159"]
[EventDate "2011.01.08"]
[EventType "team-tourn"]
[EventRounds "9"]
[EventCountry "ESP"]
[SourceTitle "EXT 2024"]
[Source "ChessBase"]
[SourceDate "2023.10.10"]
[SourceVersion "1"]
[SourceVersionDate "2023.10.10"]
[SourceQuality "1"]

1. e4 e5 2. Nf3 Nc6 3. d4 exd4 4. Nxd4 Bc5 5. Be3 Bb6 6. Bc4 d6 7. 0-0 Bd7 8. Nxc6 Bxc6 9. Qg4 Qf6 10. Nc3 Qg6 11. Qxg6 hxg6 12. Bxb6 axb6 13. f4 Ne7 14. Rae1 0-0 15. f5 Bd7 16. f6 gxf6 17. Rxf6 Kg7 18. Ref1 Be8 19. a3 Nc6 20. Bd5 Rd8 21. Nb5 Rd7 22. h3 Re7 23. Nc3 Bd7 24. Nb5 Be8 25. Nc3 Bd7 26. Bb3 Nd4 27. Nd5 Rxe4 28. Nxc7 Nxb3 29. cxb3 Re2 30. Rxd6 Bc6 31. Rf2 Rxf2 32. Kxf2 Rc8 33. Nd5 Bxd5 34. Rxd5 Rc2+ 35. Kg3 Rxb2 36. Rb5 Rc2 37. Rxb6 Rc7 38. Kf4 f6 39. g4 g5+ 40. Kf5 Rc5+ 41. Ke4 Re5+ 42. Kd4 Re7 43. a4 Kf8 44. b4 Rd7+ 45. Kc5 Ke7 46. a5 Rc7+ 47. Kd5 Rd7+ 48. Ke4 Kf7 49. b5 Re7+ 50. Kf3 Rc7 51. a6 bxa6 52. bxa6 Rc4 53. a7 Ra4 54. Rb7+ Ke6 55. Ke3 Kd6 56. Kd3 Kd5 57. Kc3 Kd6 58. Kb3 Ra1 59. Kc4 Rc1+ 60. Kd4 Ra1 61. Ke4 Ke6 62. Rb6+ Kf7 63. Rb7+ Ke6 64. Rh7 Ra4+ 65. Kd3 Kd5 66. Kc3 Ke6 67. Kb3 Ra5 68. Kb4 Ra1 69. Kb5 Kd6 70. Kb6 Rb1+ 71. Ka6 Ra1+ 72. Kb7 Rb1+ 73. Ka8 Re1 74. Kb7 Rb1+ 75. Kc8 Rc1+ 76. Kb8 Rb1+ 77. Rb7 Re1 78. a8Q Re8+ 79. Ka7 Rxa8+ 80. Kxa8 1-0

[Event "Euskadi-ch U16"]
[Site "Eibar"]
[Date "2010.04.10"]
[Round "6"]
[White "Ochoa de Eribe Martinez, Daniel"]
[Black "Marchena Hurtado, Javier"]
[Result "0-1"]
[WhiteElo "1576"]
[BlackElo "1827"]
[PlyCount "62"]
[EventDate "2010.04.07"]
[EventType "swiss"]
[EventRounds "6"]
[EventCountry "ESP"]
[SourceTitle "CBM 136 Extra"]
[Source "ChessBase"]
[SourceDate "2010.07.02"]
[SourceVersion "2"]
[SourceVersionDate "2010.07.15"]
[SourceQuality "1"]

1. e4 e5 2. Nf3 Nc6 3. Bc4 Bc5 4. c3 Nf6 5. b4 Bb6 6. d3 a6 7. 0-0 0-0 8. Bg5 d6 9. Nbd2 Be6 10. Bd5 Qe7 11. Qb3 h6 12. Bh4 Kh7 13. h3 Rg8 14. a4 g5 15. Bg3 g4 16. hxg4 Rxg4 17. Nh2 Rxg3 18. Kh1 Nh5 19. a5 Ba7 20. b5 axb5 21. Qxb5 Nd8 22. a6 Bxd5 23. Qxd5 Bb6 24. axb7 Rb8 25. Nc4 Rg8 26. Nxb6 cxb6 27. Ra7 Rxb7 28. Rxb7 Nxb7 29. d4 Nf4 30. Qc6 Rxg2 31. dxe5 Rxh2+ 0-1

[Event "Euskadi-ch U16"]
[Site "Eibar"]
[Date "2010.04.09"]
[Round "4"]
[White "Ochoa de Eribe Martinez, Daniel"]
[Black "Sanchez Merino, Christian"]
[Result "1-0"]
[WhiteElo "1576"]
[BlackElo "1534"]
[PlyCount "76"]
[EventDate "2010.04.07"]
[EventType "swiss"]
[EventRounds "6"]
[EventCountry "ESP"]
[SourceTitle "CBM 136 Extra"]
[Source "ChessBase"]
[SourceDate "2010.07.02"]
[SourceVersion "2"]
[SourceVersionDate "2010.07.15"]
[SourceQuality "1"]

1. e4 d6 2. d4 Nf6 3. Nc3 e5 4. dxe5 dxe5 5. Qxd8+ Kxd8 6. Nf3 Bd6 7. Bc4 Be6 8. Bxe6 fxe6 9. Bg5 Nbd7 10. a3 a6 11. 0-0 h6 12. Be3 g5 13. h3 Nh5 14. g3 Rg8 15. Nh2 Ndf6 16. Ng4 Rg6 17. Rad1 Ke7 18. Nxf6 Nxf6 19. g4 h5 20. f3 hxg4 21. hxg4 Rh8 22. Kg2 Rgh6 23. Rh1 Rxh1 24. Rxh1 Rxh1 25. Kxh1 Nh7 26. Kg2 Kf6 27. Ne2 Nf8 28. c4 b6 29. Kf2 Nd7 30. Nc1 a5 31. Nd3 Nc5 32. Bxc5 Bxc5+ 33. Nxc5 bxc5 34. Ke3 Ke7 35. Kd3 Kd6 36. Kc3 Kc6 37. Kb3 Kb6 38. Ka4 Ka6 1-0

[Event "Euskadi-ch U16"]
[Site "Eibar"]
[Date "2010.04.07"]
[Round "1"]
[White "Pedrera Busselo, Asier"]
[Black "Ochoa de Eribe Martinez, Daniel"]
[Result "0-1"]
[WhiteElo "1586"]
[BlackElo "1576"]
[PlyCount "56"]
[EventDate "2010.04.07"]
[EventType "swiss"]
[EventRounds "6"]
[EventCountry "ESP"]
[SourceTitle "CBM 136 Extra"]
[Source "ChessBase"]
[SourceDate "2010.07.02"]
[SourceVersion "2"]
[SourceVersionDate "2010.07.15"]
[SourceQuality "1"]

1. e4 d5 2. exd5 Qxd5 3. Nc3 Qa5 4. Nf3 Bg4 5. Be2 Nf6 6. 0-0 e6 7. d3 c6 8. Bf4 Nbd7 9. h3 Bh5 10. Nd2 Bg6 11. a3 Be7 12. Re1 0-0 13. Nc4 Qd8 14. Bf3 Nb6 15. Ne5 Nbd5 16. Nxd5 Nxd5 17. Nxg6 hxg6 18. Bg3 Qb6 19. Rb1 Rad8 20. Qd2 Rd7 21. b4 Bf6 22. Be5 Bxe5 23. Rxe5 c5 24. bxc5 Qxb1+ 25. Kh2 Qb2 26. Re1 Qxa3 27. Rb1 Qxc5 28. c4 Nb6 0-1